000
00296nam a2200121Ia 4500
008
150201s2002 xx 000 0 und d
082
_a
610
_b
B02N
100
_a
NEGI,KS
245
_a
BIOSTATISTICS WITH LATEST MCQ'S
260
_b
AITBS
_a
DELHI
_c
2002
650
_a
COMMUNITY MEDICINE
942
_2
ddc
_c
BK
999
_c
978
_d
978